000 00414nam a2200133Ia 4500
008 220217s9999||||xx |||||||||||||| ||und||
020 _a81-224-1338-2
082 _a621.381 3 SIS
100 _aSisodia, M.L Gupta, Vijaya Laxmi
245 0 _aMicrowaves: introduction to circuits, devices and antennas
260 _aNew age international
_bNew Delhi
_c2001
300 _b195
650 _aMICROWAVE ENGINEERING
999 _c167725
_d167725